000 00566cam a22002051 4500
001 af 47000428
003 DLC
005 20260227110802.0
008 890608s1943 au 000 1 ger c
010 _aaf 47000428
035 _a(OCoLC)19837687
040 _aYale univ. Library
_cCU
_dCU
_dDLC
042 _apremarc
050 0 0 _aPT2653.S4
_bW5
100 1 _aZschocher, Erich,
_d1900-
245 1 0 _aWiedersehen am ende der welt;
_broman.
260 _aSalzburg,
_bVerlag "Das Bergland-buch"
_c[1943]
300 _a310, [1] p.
_c19 cm.
440 5 _a"Das Bergland-buch"
999 _c787
_d787